00980nam a2200217 a 4500003000200000005001700002008004100019050003100060100003400091245015100125260009200276300004000368504004100408650005600449650004100505650002900546650002500575942001400600999001700614952013100631020250523135318.0021127s19uu xx 00 eng d aPGS HF 5415.33b.H557 2001 aHernandez, Joselito Miguel M. aA survey on the cellular phone network provider preference of grade 6 students of Southville International School /cJoselito Miguel M. Hernandez. aLas Piñas City, Philippines : bSouthville International School and Colleges,c2001. a18 pages :billustrations ;c28 cm. aIncludes bibliographical references. aCell phone serviceszPhilippinesvPublic opinion.  aConsumer preferenceszPhilippines.  aSixth grade (Education). aStudentsvAttitudes. 2lcccPASS c96428d96428 00102lcc40aLUXbLUXcPASSd2002-11-27eDONATIONl0oPGS HF 5415.33 .H557 2001pP0387r2014-04-08 00:00:00w2014-04-08yPASS